Swaraj: a multi-dimensional concept (Record no. 395900)

MARC details
000 -LEADER
fixed length control field 00517nam a2200181Ia 4500
008 - FIXED-LENGTH DATA ELEMENTS--GENERAL INFORMATION
fixed length control field 191130s2009##################000#0#eng##
020 ## - INTERNATIONAL STANDARD BOOK NUMBER
ISBN 9788189973810
082 ## - DEWEY DECIMAL CLASSIFICATION NUMBER
Classification number 320.150 MOH
100 ## - MAIN ENTRY--AUTHOR NAME
Personal name Amulya Ranjan Mohapatra
245 ## - TITLE STATEMENT
Title Swaraj: a multi-dimensional concept
Statement of responsibility, etc Amulya Ranjan Mohapatra
260 ## - PUBLICATION, DISTRIBUTION, ETC. (IMPRINT)
Place of publication New Delhi
Name of publisher [publisher not identified]
Year of publication 2009
300 ## - PHYSICAL DESCRIPTION
Number of Pages 102p. ; 24cm
650 ## - SUBJECT ADDED ENTRY--TOPICAL TERM
Topical Term Swaraj
991 ## -
-- 358714

No items available.

Find us on the map